ESSAYS in Honour of E. H. Carr / (Record no. 20573)
[ view plain ]
| 000 -LEADER | |
|---|---|
| fixed length control field | 00725nam a2200229Ia 4500 |
| 008 - FIXED-LENGTH DATA ELEMENTS--GENERAL INFORMATION | |
| fixed length control field | 210303s9999 xx 000 0 und d |
| 016 ## - NATIONAL BIBLIOGRAPHIC AGENCY CONTROL NUMBER | |
| Source | reto2022b |
| 020 ## - INTERNATIONAL STANDARD BOOK NUMBER | |
| ISBN | 0333143841 |
| 040 ## - CATALOGING SOURCE | |
| Original cataloging agency | NLN |
| Language of cataloging | English |
| 245 #0 - TITLE STATEMENT | |
| Title | ESSAYS in Honour of E. H. Carr / |
| Statement of responsibility, etc | edited by C. Abramsky, assisted by Beryl J. Williams |
| 260 ## - PUBLICATION, DISTRIBUTION, ETC. (IMPRINT) | |
| Place of publication | London : |
| Name of publisher | MacMillan, |
| Date of publication | 1974 |
| 300 ## - COLLATION | |
| Pagination | viii, 387p. |
| Other physical details | 1 leaf of plates, port. ;24cm |
| 563 ## - BINDING INFORMATION | |
| Binding note | (pbk) |
| 650 ## - TRACINGS | |
| Main Subject | Carr, Edward, 1892 |
| 650 ## - TRACINGS | |
| Main Subject | Russia |
| Subdivision (1st) | History |
| Subdivision (2nd) | 19th century |
| 650 ## - TRACINGS | |
| Main Subject | Russia |
| Subdivision (1st) | History |
| Subdivision (2nd) | 20th century |
| 700 ## - ADDITIONAL AUTHOR | |
| Additional Author | <a href="Abramsky, C. ">Abramsky, C. </a> |
| Relator term | edt |
| 700 ## - ADDITIONAL AUTHOR | |
| Additional Author | <a href="Williams, Beryl J.">Williams, Beryl J.</a> |
| Relator term | edt |
| 942 ## - ADDED ENTRY ELEMENTS (KOHA) | |
| Item type | Books |
| 050 ## - LIBRARY OF CONGRESS CALL NUMBER | |
| Classification number | DK246 |
| Item number | .E85 |
| 082 ## - DEWEY DECIMAL CLASSIFICATION NUMBER | |
| Classification number | 947.08 |
| Withdrawn status | Lost status | Source of classification or shelving scheme | Damaged status | Not for loan | Home library | Current library | Date acquired | Total Checkouts | Full call number | Barcode. | Date last seen | Price effective from | Koha item type |
|---|---|---|---|---|---|---|---|---|---|---|---|---|---|
| Library of Congress Classification | LAGOS BRANCH | National Library of Nigeria | 04/03/2021 | DK246 .E85 | 2024-555555551000844 | 04/03/2021 | 04/03/2021 | Books |
